Love in life / (Record no. 14230)
[ view plain ]
| 000 -LEADER | |
|---|---|
| fixed length control field | 00525nam a22002057a 4500 |
| 001 - CONTROL NUMBER | |
| control field | BD-DhSAU 3363 |
| 003 - CONTROL NUMBER IDENTIFIER | |
| control field | BD-DhSAU |
| 005 - DATE AND TIME OF LATEST TRANSACTION | |
| control field | 20180307093205.0 |
| 008 - FIXED-LENGTH DATA ELEMENTS--GENERAL INFORMATION | |
| fixed length control field | 150205b2018 bg a|||| |||| 00| 0 eng d |
| 020 ## - INTERNATIONAL STANDARD BOOK NUMBER | |
| International Standard Book Number | 9789843380869 |
| 040 ## - CATALOGING SOURCE | |
| Original cataloging agency | BD-DhSAU |
| 082 ## - DEWEY DECIMAL CLASSIFICATION NUMBER | |
| Edition number | 22 |
| Classification number | 821 |
| Item number | R929 |
| 100 ## - MAIN ENTRY--PERSONAL NAME | |
| Personal name | Rustom, Jahangir Alam |
| 245 ## - TITLE STATEMENT | |
| Title | Love in life / |
| Statement of responsibility, etc. | Jahangir Alam Rustom |
| 260 ## - PUBLICATION, DISTRIBUTION, ETC. (IMPRINT) | |
| Place of publication, distribution, etc. | Dhaka : |
| Name of publisher, distributor, etc. | Tumpa Prokashoni , |
| Date of publication, distribution, etc. | c2018. |
| 300 ## - PHYSICAL DESCRIPTION | |
| Extent | 60 p. : |
| Dimensions | 28 cm. |
| 590 ## - Name of Cataloguer | |
| Name of Cataloger | Kamim |
| 650 ## - SUBJECT ADDED ENTRY--TOPICAL TERM | |
| Topical term or geographic name as entry element | Englsh - Poetry |
| 942 ## - ADDED ENTRY ELEMENTS (KOHA) | |
| Source of classification or shelving scheme | Dewey Decimal Classification |
| Koha item type | Book |
No items available.
